| 000 | 00815nam a22002057a 4500 | ||
|---|---|---|---|
| 003 | OSt | ||
| 005 | 20260227110031.0 | ||
| 008 | 231003b ||||| |||| 00| 0 eng d | ||
| 040 | _c0 | ||
| 082 | _aDPer 658.3005 H880 February-November 2020 v. 23 n. 1-5 | ||
| 100 |
_aGatto, Mark. _eauthor. _949473 |
||
| 245 |
_aParenthood demands : _bresisting a dystopia in the workplace / _cMark Gatto. |
||
| 260 |
_aUnited Kingdom ; _bTaylor & Francis Group , _cNovember 2020. |
||
| 300 |
_aVolume 23, pages 569-585 : _billustration ; _c25 cm. |
||
| 500 | _aHuman Resource Development International Enhancing, performance, learning and integrity, vol. 23, no. 5, pages 569-585, November 2020. | ||
| 650 |
_aParenthood. _949474 |
||
| 650 |
_aDystopias. _949475 |
||
| 700 |
_aGatto, Mark. _eauthor. _949473 |
||
| 942 |
_2ddc _cPER |
||
| 999 |
_c18303 _d18303 |
||